Problematika harmonizácie daňovej legislatívy SR pri vstupe do EÚ

Rozšírenie EÚ a proces zjednocovania. Transformácia ekonomiky a hospodárstva na Slovensku. Legislatíva v rámci Európskej únie a jej intergácia. Právne predpisy členských krajín a právo EÚ. Legislatívne nástroje pri harmonizácii daňového systému v EÚ. Hlavné ciele daňovej harmonizácie. Harmonizácia...

Descrizione completa

Salvato in:
Dettagli Bibliografici
Autore principale: Simonidesová, Jana, 1968-
Natura: Capitolo di libro
Lingua:slovacco
Soggetti:
Tags: Aggiungi Tag
Nessun Tag, puoi essere il primo ad aggiungerne!!

MARC

LEADER 00000naa$a2200000$$$4500
001 0015185
005 20240502071401.6
041 0 |a slo 
044 |a SK 
245 1 0 |a Problematika harmonizácie daňovej legislatívy SR pri vstupe do EÚ  |c Jana Simonidesová 
520 |a Rozšírenie EÚ a proces zjednocovania. Transformácia ekonomiky a hospodárstva na Slovensku. Legislatíva v rámci Európskej únie a jej intergácia. Právne predpisy členských krajín a právo EÚ. Legislatívne nástroje pri harmonizácii daňového systému v EÚ. Hlavné ciele daňovej harmonizácie. Harmonizácia priamych a spotrebných daní. Harmonizácia legislatívy v oblasti daňovej správy - administratívna spolupráca a vzájomná pomoc. 
610 2 0 |a integrácia 
610 2 0 |a globalizácia 
610 2 0 |a aproximácia práva 
610 2 0 |a legislatíva 
610 2 0 |a Európska únia 
610 2 0 |a Európske spoločenstvá 
610 2 0 |a politika daňová 
610 2 0 |a sústava daňová 
610 2 0 |a systémy daňové 
610 2 0 |a dane 
610 2 0 |a Slovensko 
100 1 |a Simonidesová, Jana, 1968-